000 00433nam a2200181Ia 4500
001 10359
005 20260306161826.0
008 260306t2001||||xx |||||||||||||| ||spa||
041 _aESP
082 _a920.87
_bF331
100 _aFebres, Laura
_eAUT
245 0 _aLa historia en Mario Briceño - Iragorry
260 _c2001
300 _a441 páginas :
_c22 cm.
650 _aGEN
654 _aCHU
942 _cLIB
_dJUS
_fJUS
_2ddc
_n
999 _c10359
_d10359